[Event "SWE-ch"]
[Site "Helsingborg"]
[Date "2023.07.02"]
[Round "2"]
[White "Seo, Jung Min"]
[Black "Kucuksari, Kaan"]
[Result "1/2-1/2"]
[WhiteElo "2469"]
[BlackElo "2512"]
[PlyCount "121"]
[EventDate "2023.07.01"]
[EventType "tourn"]
[EventRounds "9"]
[EventCountry "SWE"]
[EventCategory "8"]
[SourceTitle "CBM 215 Extra"]
[Source "ChessBase"]
[SourceDate "2023.09.30"]
[SourceVersion "1"]
[SourceVersionDate "2023.09.30"]
[SourceQuality "1"]

1. d4 f5 2. g3 Nf6 3. Bg2 g6 4. Nf3 Bg7 5. 0-0 0-0 6. c4 d6 7. Nc3 c6 8. d5 e5 9. dxe6 Bxe6 10. b3 Na6 11. Ng5 Bc8 12. Bb2 Qe7 13. Qd2 h6 14. Nf3 Be6 15. Rad1 Bf7 16. Rfe1 Rfe8 17. Nh4 Nc5 18. Qxd6 Qxd6 19. Rxd6 Nfe4 20. Nxe4 Nxe4 21. Bxe4 Bxb2 22. Bf3 Rad8 23. Red1 Rxd6 24. Rxd6 Ba3 25. Rd7 Re7 26. Rd8+ Kg7 27. Ng2 Kf6 28. h4 g5 29. hxg5+ hxg5 30. e3 Be6 31. Ne1 Rd7 32. Rxd7 Bxd7 33. Nd3 Be8 34. Kf1 Bg6 35. Ke2 f4 36. gxf4 Bxd3+ 37. Kxd3 gxf4 38. exf4 Kf5 39. Bg2 Kxf4 40. Bh3 Kf3 41. Bc8 c5 42. Bxb7+ Kxf2 43. Ke4 Ke2 44. Kd5 Kd3 45. Bc6 Kc3 46. Ba4 Kb2 47. Kc6 Kxa2 48. Kb5 Bb4 49. Ka6 Kb2 50. Kxa7 Ka2 51. Kb7 Kb2 52. Kc6 Ka2 53. Kd5 Kb2 54. Ke4 Kc3 55. Kf3 Kb2 56. Kg2 Kc3 57. Kh1 Kd2 58. Kg2 Kc3 59. Kh1 Kd2 60. Kg2 Kc3 61. Kh1 1/2-1/2

[Event "SWE-ch"]
[Site "Helsingborg"]
[Date "2023.07.01"]
[Round "1"]
[White "Kucuksari, Kaan"]
[Black "Johansson, Linus"]
[Result "1-0"]
[WhiteElo "2512"]
[BlackElo "2466"]
[PlyCount "57"]
[EventDate "2023.07.01"]
[EventType "tourn"]
[EventRounds "9"]
[EventCountry "SWE"]
[EventCategory "8"]
[SourceTitle "CBM 215 Extra"]
[Source "ChessBase"]
[SourceDate "2023.09.30"]
[SourceVersion "1"]
[SourceVersionDate "2023.09.30"]
[SourceQuality "1"]

1. d4 Nf6 2. c4 e6 3. g3 Bb4+ 4. Bd2 a5 5. Bg2 d6 6. Nf3 Nbd7 7. 0-0 e5 8. Nc3 0-0 9. Qc2 Re8 10. e4 exd4 11. Nxd4 c6 12. Rad1 Nb6 13. b3 Bg4 14. f3 Bd7 15. Rfe1 h6 16. h3 a4 17. f4 axb3 18. axb3 Ra5 19. Qd3 Nc8 20. Nc2 Bc5+ 21. Kh2 Ba7 22. e5 dxe5 23. Ne4 Ra2 24. Nxf6+ Qxf6 25. Qxd7 Rd8 26. fxe5 Qe7 27. Qxe7 Nxe7 28. Be4 Bc5 29. Be3 1-0

[Event "Titled Tuesday intern op 20th Jun Early"]
[Site "Chess.com INT"]
[Date "2023.06.20"]
[Round "2"]
[White "Kucuksari, Kaan"]
[Black "Gordon, Frederick"]
[Result "1-0"]
[WhiteElo "2512"]
[BlackElo "2325"]
[PlyCount "91"]
[EventDate "2023.06.20"]
[EventType "swiss (blitz)"]
[EventRounds "11"]
[EventCountry "USA"]
[SourceTitle "EXT 2024"]
[Source "ChessBase"]
[SourceDate "2023.10.10"]
[SourceVersion "1"]
[SourceVersionDate "2023.10.10"]
[SourceQuality "1"]

1. e4 c5 2. Nf3 Nc6 3. Nc3 g6 4. d4 cxd4 5. Nxd4 Bg7 6. Nb3 Nf6 7. Be2 0-0 8. 0-0 d6 9. Be3 Be6 10. Qd2 a6 11. Rfd1 b5 12. Nd4 Nxd4 13. Bxd4 b4 14. Nd5 Nxe4 15. Qxb4 Bxd5 16. Bxg7 Kxg7 17. Rxd5 Nf6 18. Rdd1 Qc7 19. c4 Rab8 20. Qc3 Qb6 21. b3 Rfc8 22. Bf3 a5 23. Re1 Rc7 24. Re3 Qb4 25. Qd4 e5 26. Qd1 a4 27. bxa4 Qxc4 28. Qxd6 e4 29. Bxe4 Nxe4 30. Qe5+ Nf6 31. h3 Re8 32. Qg3 Rxe3 33. Qxe3 Qxa4 34. Qe5 Qe4 35. Qxc7 Qd4 36. Qc1 Ne4 37. Qe1 Nxf2 38. Kh2 Qf4+ 39. g3 Qd4 40. Rc1 Ne4 41. Rc2 Qd3 42. Qe2 Qxg3+ 43. Kh1 Qxh3+ 44. Kg1 Ng3 45. Qe5+ Kh6 46. Rh2 1-0

[Event "Titled Tuesday intern op 13th Jun Late"]
[Site "Chess.com INT"]
[Date "2023.06.13"]
[Round "4"]
[White "Gallasch, Jonas"]
[Black "Kucuksari, Kaan"]
[Result "0-1"]
[WhiteElo "2303"]
[BlackElo "2512"]
[PlyCount "76"]
[EventDate "2023.06.13"]
[EventType "swiss (blitz)"]
[EventRounds "11"]
[EventCountry "USA"]
[SourceTitle "EXT 2024"]
[Source "ChessBase"]
[SourceDate "2023.10.10"]
[SourceVersion "1"]
[SourceVersionDate "2023.10.10"]
[SourceQuality "1"]

1. Nf3 g6 2. g3 Bg7 3. Bg2 e5 4. c4 Ne7 5. 0-0 0-0 6. Nc3 c6 7. d4 exd4 8. Nxd4 d6 9. e4 Nd7 10. Be3 Ne5 11. b3 Ng4 12. Bc1 Qb6 13. Nce2 c5 14. h3 cxd4 15. hxg4 d3 16. Qxd3 Bxa1 17. Be3 Qc7 18. Rxa1 Bxg4 19. Nf4 Be6 20. Bd4 Nc6 21. Bb2 Ne5 22. Qd4 Qb6 23. Qd2 Rad8 24. Bd4 Qa6 25. Nd5 Bxd5 26. exd5 b6 27. f4 Nd7 28. Bb2 Rde8 29. Qc3 f6 30. Bh3 Nc5 31. b4 Na4 32. b5 Qb7 33. Qb4 Nxb2 34. Qxb2 f5 35. g4 Re4 36. gxf5 gxf5 37. Bxf5 Rxf5 38. Qg2+ Qg7 0-1

[Event "Titled Tuesday intern op 13th Jun Late"]
[Site "Chess.com INT"]
[Date "2023.06.13"]
[Round "8"]
[White "Jumabayev, Rinat"]
[Black "Kucuksari, Kaan"]
[Result "1-0"]
[WhiteElo "2590"]
[BlackElo "2512"]
[PlyCount "91"]
[EventDate "2023.06.13"]
[EventType "swiss (blitz)"]
[EventRounds "11"]
[EventCountry "USA"]
[SourceTitle "EXT 2024"]
[Source "ChessBase"]
[SourceDate "2023.10.10"]
[SourceVersion "1"]
[SourceVersionDate "2023.10.10"]
[SourceQuality "1"]

1. e3 d5 2. Nf3 Nf6 3. c4 c6 4. b3 Nbd7 5. Bb2 e6 6. Nc3 Bd6 7. Qc2 0-0 8. d4 b6 9. Bd3 Bb7 10. 0-0 Qe7 11. Rad1 Rad8 12. Rfe1 Rfe8 13. e4 dxe4 14. Nxe4 Nxe4 15. Bxe4 Nf6 16. Bd3 Bb4 17. Re3 Ba3 18. Ba1 Bd6 19. Ne5 h6 20. Rde1 Bb4 21. R1e2 Qc7 22. Rg3 Nh5 23. Rg4 f5 24. Rh4 Nf6 25. Bb2 Be7 26. Ng6 Bd6 27. d5 Qf7 28. Ne5 Bxe5 29. dxe6 Rxe6 30. Rxe5 Rxe5 31. Bxe5 Re8 32. Bc3 Ne4 33. Bxe4 fxe4 34. Rg4 g6 35. Rxe4 c5 36. Rxe8+ Qxe8 37. Qd2 Kh7 38. f3 Qe7 39. Kf1 Bc6 40. Qf4 Bd7 41. Qb8 Be8 42. h3 h5 43. h4 Qd7 44. Qe5 Qd3+ 45. Kf2 Qc2+ 46. Kg3 1-0

[Event "Titled Tuesday intern op 13th Jun Early"]
[Site "Chess.com INT"]
[Date "2023.06.13"]
[Round "3"]
[White "Kucuksari, Kaan"]
[Black "Bharath, Subramaniyam H"]
[Result "0-1"]
[WhiteElo "2512"]
[BlackElo "2502"]
[PlyCount "76"]
[EventDate "2023.06.13"]
[EventType "swiss (blitz)"]
[EventRounds "11"]
[EventCountry "USA"]
[SourceTitle "EXT 2024"]
[Source "ChessBase"]
[SourceDate "2023.10.10"]
[SourceVersion "1"]
[SourceVersionDate "2023.10.10"]
[SourceQuality "1"]

1. d4 Nf6 2. c4 d6 3. Nf3 g6 4. g3 Bg7 5. Bg2 0-0 6. 0-0 Nc6 7. Nc3 Bf5 8. d5 Na5 9. Nd2 c5 10. e4 Bd7 11. Qc2 a6 12. b3 b5 13. Bb2 bxc4 14. bxc4 Rb8 15. Rab1 Ng4 16. h3 Ne5 17. Nd1 Rb4 18. a3 Ba4 19. Qc3 Bxd1 20. Rfxd1 Rxb2 21. Rxb2 Nexc4 22. Qxc4 Nxc4 23. Nxc4 Bxb2 24. Nxb2 Qa5 25. Nc4 Qc3 26. Bf1 Rb8 27. e5 dxe5 28. d6 exd6 29. Nxd6 Qf3 30. Re1 Rb2 31. Ne4 Qxa3 32. Kh2 Qb4 33. Re3 a5 34. Bg2 a4 35. Nf6+ Kg7 36. Nd5 Qd4 37. Re4 Qxf2 38. Ne3 a3 0-1

[Event "Titled Tuesday intern op 13th Jun Late"]
[Site "Chess.com INT"]
[Date "2023.06.13"]
[Round "2"]
[White "Kucuksari, Kaan"]
[Black "Ozalp, Burak"]
[Result "1-0"]
[WhiteElo "2512"]
[BlackElo "2183"]
[PlyCount "135"]
[EventDate "2023.06.13"]
[EventType "swiss (blitz)"]
[EventRounds "11"]
[EventCountry "USA"]
[SourceTitle "EXT 2024"]
[Source "ChessBase"]
[SourceDate "2023.10.10"]
[SourceVersion "1"]
[SourceVersionDate "2023.10.10"]
[SourceQuality "1"]

1. e4 c6 2. d4 d5 3. e5 Bf5 4. Bd3 Bxd3 5. Qxd3 e6 6. Nf3 Nd7 7. 0-0 Ne7 8. h4 c5 9. c3 Nc6 10. Bg5 Be7 11. Nbd2 h6 12. Bxe7 Qxe7 13. Qe3 0-0-0 14. a4 g5 15. h5 g4 16. Ne1 Qh4 17. Nd3 Rdg8 18. g3 Qxh5 19. b4 c4 20. Nf4 Qg5 21. a5 h5 22. Ng2 Ne7 23. Nh4 Nf5 24. Qxg5 Rxg5 25. Kg2 Nf8 26. Rh1 Ng6 27. Nf1 Ngxh4+ 28. gxh4 Rgg8 29. Ng3 Nxg3 30. fxg3 Kd7 31. Rhf1 Ke7 32. a6 b6 33. Rf4 f5 34. exf6+ Kf7 35. Re1 Rg6 36. Re5 Rxf6 37. Rxf6+ Kxf6 38. Kf2 Rh6 39. Ke3 Kf7 40. Ke2 b5 41. Rg5 e5 42. dxe5 Rxa6 43. Rxh5 Ra3 44. Kd2 Ra2+ 45. Ke3 Rg2 46. Kd4 Rxg3 47. Rh7+ Ke6 48. Rh6+ Ke7 49. Kxd5 Rd3+ 50. Ke4 Rxc3 51. Rh7+ Ke6 52. Rh6+ Ke7 53. Rg6 g3 54. h5 Rc1 55. h6 c3 56. h7 Rh1 57. Rxg3 Rxh7 58. Rxc3 Rh4+ 59. Kd5 Rxb4 60. Rc7+ Ke8 61. Rxa7 Rh4 62. Kd6 Rh1 63. Ra8+ Kf7 64. e6+ Kf6 65. Rf8+ Kg7 66. e7 Rd1+ 67. Kc5 Rc1+ 68. Kb6 1-0

[Event "Titled Tuesday intern op 13th Jun Early"]
[Site "Chess.com INT"]
[Date "2023.06.13"]
[Round "1"]
[White "Kucuksari, Kaan"]
[Black "Xie, Bryan"]
[Result "1-0"]
[WhiteElo "2512"]
[BlackElo "2353"]
[PlyCount "91"]
[EventDate "2023.06.13"]
[EventType "swiss (blitz)"]
[EventRounds "11"]
[EventCountry "USA"]
[SourceTitle "EXT 2024"]
[Source "ChessBase"]
[SourceDate "2023.10.10"]
[SourceVersion "1"]
[SourceVersionDate "2023.10.10"]
[SourceQuality "1"]

1. e4 c5 2. Nf3 e6 3. d4 cxd4 4. Nxd4 Nc6 5. Nc3 Qc7 6. Ndb5 Qb8 7. a4 a6 8. Na3 Nf6 9. Bd3 Be7 10. 0-0 0-0 11. Be3 d6 12. Nc4 Nd7 13. a5 Nce5 14. Nxe5 Nxe5 15. Be2 Bd7 16. f4 Ng6 17. Qe1 Bf6 18. Rd1 Bc6 19. Bc4 Bxc3 20. Qxc3 Bxe4 21. Bb6 d5 22. Bd3 Bxd3 23. Rxd3 Nxf4 24. Re3 Ng6 25. Rg3 Qd6 26. Bc5 Qd7 27. Bxf8 Rxf8 28. Qb4 Rc8 29. Rb3 Rc7 30. Rc3 Ne7 31. Rxc7 Qxc7 32. c3 Nc6 33. Qb6 Qc8 34. Rd1 Ne5 35. Qd4 Nc4 36. b4 h6 37. Rf1 Qd7 38. h3 e5 39. Qc5 e4 40. Rd1 e3 41. Qxd5 Qe7 42. Qd8+ Qf8 43. Kf1 f5 44. Qxf8+ Kxf8 45. Ke2 f4 46. Rd4 1-0

[Event "Titled Tuesday intern op 30th May Early"]
[Site "Chess.com INT"]
[Date "2023.05.30"]
[Round "3"]
[White "Deac, Bogdan Daniel"]
[Black "Kucuksari, Kaan"]
[Result "1-0"]
[WhiteElo "2700"]
[BlackElo "2504"]
[PlyCount "81"]
[EventDate "2023.05.30"]
[EventType "swiss (blitz)"]
[EventRounds "11"]
[EventCountry "USA"]
[SourceTitle "CBM 214 Extra"]
[Source "ChessBase"]
[SourceDate "2023.07.31"]
[SourceVersion "1"]
[SourceVersionDate "2023.07.31"]
[SourceQuality "1"]

1. g3 d5 2. Bg2 Nf6 3. d3 e5 4. Nd2 Be7 5. e4 d4 6. Ne2 Nc6 7. f4 exf4 8. gxf4 Ng4 9. Nf1 0-0 10. h3 Bh4+ 11. Nfg3 Ne3 12. Bxe3 dxe3 13. 0-0 Nd4 14. Kh2 c5 15. c3 Nc6 16. Rf3 Be6 17. Rxe3 Qb6 18. f5 Bd7 19. Nf4 Qxb2 20. Nd5 Ne5 21. d4 Nc4 22. Re2 Qb5 23. Rb1 Qc6 24. e5 Qh6 25. Rf2 Bc6 26. Qd3 Bxd5 27. Bxd5 Nb6 28. Bg2 cxd4 29. cxd4 Rad8 30. f6 g6 31. Rf3 Qg5 32. Ne4 Qh5 33. Rd1 Nd5 34. Nc5 Bg5 35. Qe4 Bf4+ 36. Kh1 Nc3 37. Qxf4 Nxd1 38. e6 fxe6 39. Nxe6 Kf7 40. Nxd8+ Rxd8 41. Qc7+ 1-0

[Event "Titled Tuesday intern op 30th May Early"]
[Site "Chess.com INT"]
[Date "2023.05.30"]
[Round "1"]
[White "Garagulya, Konstantin"]
[Black "Kucuksari, Kaan"]
[Result "0-1"]
[WhiteElo "2389"]
[BlackElo "2504"]
[PlyCount "88"]
[EventDate "2023.05.30"]
[EventType "swiss (blitz)"]
[EventRounds "11"]
[EventCountry "USA"]
[SourceTitle "CBM 214 Extra"]
[Source "ChessBase"]
[SourceDate "2023.07.31"]
[SourceVersion "1"]
[SourceVersionDate "2023.07.31"]
[SourceQuality "1"]

1. d4 f5 2. g3 Nf6 3. Bg2 e6 4. Nh3 Be7 5. c4 0-0 6. Nc3 d6 7. 0-0 Qe8 8. b3 Nc6 9. Bb2 Kh8 10. d5 Nd8 11. dxe6 Nxe6 12. Nd5 Nxd5 13. cxd5 Nc5 14. Nf4 a5 15. e3 Bf6 16. Bxf6 Rxf6 17. Qc2 Bd7 18. a3 a4 19. b4 Nb3 20. Rab1 Rc8 21. Qb2 c5 22. dxc6 Bxc6 23. Nd5 Rh6 24. h4 Qe5 25. Rfd1 Re6 26. Nf4 Ree8 27. Bd5 Bxd5 28. Rxd5 Qe4 29. Nh5 Re7 30. Rbd1 Rc2 31. Qb1 h6 32. Rxd6 Rec7 33. Rf1 Nd2 34. Rxd2 Rxd2 35. Qa1 Kh7 36. b5 b6 37. Nf4 Rcd7 38. h5 Qc2 39. Qe1 Rd1 40. Qe2 Qxe2 41. Nxe2 Rxf1+ 42. Kxf1 Rd3 43. Nd4 Rxa3 44. Nxf5 Rb3 0-1

[Event "Deltalift op"]
[Site "Tylosand"]
[Date "2023.05.18"]
[Round "4"]
[White "Kucuksari, Kaan"]
[Black "Eriksson, Kristian"]
[Result "1-0"]
[WhiteElo "2504"]
[BlackElo "2076"]
[PlyCount "61"]
[EventDate "2023.05.18"]
[EventType "swiss"]
[EventRounds "8"]
[EventCountry "SWE"]
[SourceTitle "CBM 214 Extra"]
[Source "ChessBase"]
[SourceDate "2023.07.31"]
[SourceVersion "1"]
[SourceVersionDate "2023.07.31"]
[SourceQuality "1"]

1. d4 Nf6 2. Nf3 e6 3. Bf4 b6 4. e3 Bb7 5. Nbd2 Be7 6. h3 0-0 7. Bd3 d6 8. 0-0 c5 9. c3 Nc6 10. Qe2 Re8 11. e4 Bf8 12. Rfd1 cxd4 13. cxd4 e5 14. dxe5 dxe5 15. Bh2 Qe7 16. Bb5 Nd7 17. Nc4 Nc5 18. b4 Nxb4 19. Bxe8 Qxe8 20. a3 Nxe4 21. axb4 Nc3 22. Qd2 Nxd1 23. Rxd1 f6 24. Ncxe5 fxe5 25. Qa2+ Kh8 26. Nxe5 h6 27. Rd7 Bc8 28. Nf7+ Kh7 29. Qc2+ Kg8 30. Nxh6+ gxh6 31. Qh7# 1-0

[Event "Titled Tuesday intern op 09th May Early"]
[Site "Chess.com INT"]
[Date "2023.05.09"]
[Round "3"]
[White "Kollars, Dmitrij"]
[Black "Kucuksari, Kaan"]
[Result "1-0"]
[WhiteElo "2607"]
[BlackElo "2504"]
[PlyCount "159"]
[EventDate "2023.05.09"]
[EventType "swiss (blitz)"]
[EventRounds "11"]
[EventCountry "USA"]
[SourceTitle "CBM 214 Extra"]
[Source "ChessBase"]
[SourceDate "2023.07.31"]
[SourceVersion "1"]
[SourceVersionDate "2023.07.31"]
[SourceQuality "1"]

1. Nf3 Nf6 2. g3 b6 3. Bg2 Bb7 4. 0-0 e6 5. d4 Be7 6. c4 0-0 7. Nc3 Ne4 8. Bd2 d6 9. Qc2 Nxd2 10. Qxd2 Nd7 11. e4 e5 12. Rad1 Bf6 13. d5 g6 14. h4 Bg7 15. Bh3 Bc8 16. Kh2 a5 17. Ne1 f5 18. Nd3 Nf6 19. f3 f4 20. gxf4 Nh5 21. f5 Qxh4 22. Qf2 Qxf2+ 23. Rxf2 gxf5 24. Rg2 fxe4 25. Bxc8 exd3 26. Bg4 Nf4 27. Rg3 Kh8 28. Ne4 a4 29. Bd7 a3 30. b3 Rf7 31. Be6 Nxe6 32. dxe6 Re7 33. Rxd3 Rxe6 34. Kg2 Rg6 35. Rxg6 hxg6 36. Nc3 Bf6 37. b4 Kg7 38. b5 Bd8 39. Nd5 Ra4 40. Rc3 Kf7 41. Kf2 Ke6 42. Ke2 Kd7 43. Kd3 c6 44. bxc6+ Kxc6 45. Rb3 Ra5 46. Nb4+ Kd7 47. Nd5 Kc6 48. Rb4 Bg5 49. Rxb6+ Kd7 50. Rb7+ Ke6 51. Rb6 Be7 52. Rb8 Bg5 53. Rg8 Kf7 54. Rc8 Bc1 55. Rc7+ Ke6 56. Ke4 Bg5 57. Rh7 Bd8 58. Rh8 Rc5 59. Kd3 Bg5 60. Ra8 Kf5 61. Rxa3 Bf4 62. Ra8 g5 63. a4 Ke6 64. a5 Kd7 65. Ra7+ Kc8 66. a6 Ra5 67. Nb6+ Kd8 68. Rd7+ Ke8 69. a7 Ra3+ 70. Ke4 Be3 71. Rb7 Bxb6 72. Rb8+ Kd7 73. a8Q Rxa8 74. Rxa8 Bc5 75. Rg8 Kc6 76. Rxg5 Kb6 77. Kd5 Ka5 78. Rg6 Kb4 79. Rxd6 Bd4 80. Rc6 1-0

[Event "Titled Tuesday intern op 09th May Late"]
[Site "Chess.com INT"]
[Date "2023.05.09"]
[Round "9"]
[White "Kucuksari, Kaan"]
[Black "Bayo Milagro, Alvaro"]
[Result "0-1"]
[WhiteElo "2504"]
[BlackElo "2287"]
[PlyCount "130"]
[EventDate "2023.05.09"]
[EventType "swiss (blitz)"]
[EventRounds "11"]
[EventCountry "USA"]
[SourceTitle "CBM 214 Extra"]
[Source "ChessBase"]
[SourceDate "2023.07.31"]
[SourceVersion "1"]
[SourceVersionDate "2023.07.31"]
[SourceQuality "1"]

1. e4 e5 2. Nf3 Nc6 3. Bb5 Bc5 4. 0-0 Nd4 5. Nxd4 Bxd4 6. c3 Bb6 7. d4 c6 8. Bc4 d6 9. Qf3 Qf6 10. Qg3 h6 11. dxe5 dxe5 12. Be3 Ne7 13. Nd2 0-0 14. Nf3 Ng6 15. Rad1 Be6 16. Rd6 Bc7 17. Rxe6 fxe6 18. Qg4 Rfe8 19. h4 Bb6 20. h5 Nf8 21. Bxb6 axb6 22. a3 b5 23. Bb3 Rad8 24. Qg3 Qf4 25. Nxe5 Qxg3 26. fxg3 Re7 27. Rf2 Nd7 28. Ng6 Ree8 29. Kh2 Nf6 30. Re2 Nxh5 31. e5 Rd3 32. Rf2 Nxg3 33. Nf4 Re3 34. Nxe6 Ne4 35. Rf4 Kh8 36. Nf8 Nc5 37. Ng6+ Kh7 38. Bc2 Nd3 39. Rg4 h5 40. Rg5 Kh6 41. Rg3 Rxg3 42. Kxg3 Kxg6 43. Bxd3+ Kg5 44. Kf3 Rxe5 45. Bc2 Re1 46. Bd3 Re7 47. Kf2 Kf6 48. Bc2 g5 49. Bd1 g4 50. a4 bxa4 51. Bxa4 Kg5 52. Bc2 h4 53. Bd1 Kf4 54. Kf1 g3 55. Bb3 Re5 56. Bc4 Ra5 57. Ke2 Ra1 58. Be6 Rh1 59. b4 Rc1 60. Kd2 Rg1 61. Bh3 b6 62. Ke2 c5 63. bxc5 bxc5 64. Kd2 Rh1 65. Bd7 h3 0-1